Discurso leído ante la Academia Española en la recepción pública del Sr. D. Pío Baroja. (Record no. 182344)

MARC details
000 -LEADER
campo de control de longitud fija 00958nam a2200229 i 4500
001 - NÚMERO DE CONTROL
campo de control 182344
003 - IDENTIFICADOR DE NÚMERO DE CONTROL
campo de control ES-MaACL
005 - FECHA Y HORA DE LA ÚLTIMA TRANSACCIÓN
campo de control 20250629063151.0
008 - DATOS DE LONGITUD FIJA--INFORMACIÓN GENERAL
campo de control de longitud fija 130805s1935 sp |||| | spa d
100 1# - ENTRADA PRINCIPAL--NOMBRE DE PERSONA
Nombre de persona Baroja, Pío,
Fechas asociadas al nombre 1872-1956
9 (RLIN) 25752
Término indicativo de función/relación Autor
245 10 - MENCIÓN DEL TÍTULO
Título Discurso leído ante la Academia Española en la recepción pública del Sr. D. Pío Baroja.
Resto del título Contestación del Excmo. Sr. D. Gregorio Marañón.
260 ## - PUBLICACIÓN, DISTRIBUCIÓN, ETC.
Lugar de publicación, distribución, etc. Madrid :
Nombre del editor, distribuidor, etc. Espasa-Calpe,
Fecha de publicación, distribución, etc. 1935.
300 ## - DESCRIPCIÓN FÍSICA
Extensión 126 páginas ;
Dimensiones 20 cm.
594 ## - Nota al título y mención de responsabilidad
a Título del discurso de Pío Baroja: La formación psicológica de un escritor
700 1# - ENTRADA AGREGADA--NOMBRE PERSONAL
Nombre de persona Marañón, Gregorio,
Fechas asociadas al nombre 1887-1960
9 (RLIN) 76311
Término indicativo de función/relación Autor
710 2# - ENTRADA AGREGADA--NOMBRE DE ENTIDAD CORPORATIVA
9 (RLIN) 6336
Nombre de entidad corporativa o nombre de jurisdicción como elemento de entrada Real Academia Española
Término indicativo de función/relación Sede
740 32 - ENTRADA AGREGADA--TÍTULO RELACIONADO/ANALÍTICO NO CONTROLADO
Título relacionado o analítico no controlado La formación psicológica de un escritor
852 ## - LOCALIZACIÓN
Ubicación ES-MaACL
Número de control de estantería 2319-F-4
Ubicación en estantería Depósito folletos
Donativo/Legado Donat. herederos de José Prat
condición física Ejemplar fotocopiado
942 ## - ELEMENTOS DE ENTRADA SECUNDARIOS (KOHA)
Fuente del sistema de clasificación o colocación Clasificación decimal universal
Tipo de ítem Koha Folleto
Suprimir en OPAC No
Holdings
Estatus retirado Estado de pérdida Estado de daño No para préstamo Colección Biblioteca de origen Biblioteca actual Ubicación en estantería Fecha de adquisición Fuente de adquisición Total de préstamos Signatura topográfica completa Código de barras Visto por última vez Precio de reemplazo Tipo de ítem Koha
        Colección de folletos Biblioteca del Ateneo de Madrid Biblioteca del Ateneo de Madrid Depósito folletos 05/08/2013     2319-F-4 1191622 23/02/2023 23/02/2023 Folleto